| 000 | 01378cam a22002775a 4500 | ||
|---|---|---|---|
| 999 |
_c15831 _d15831 |
||
| 003 | EG-ScBUE | ||
| 005 | 20200118095715.0 | ||
| 008 | 110815s1989 su f b 000 0 ara d | ||
| 040 |
_aEG-ScBUE _bara _erda _cEG-ScBUE _dEG-ScBUE |
||
| 082 | 0 | 4 |
_a892.713209 _bز ي ر _222 |
| 100 | 1 |
_aزير، محمد بن حسن، _eمؤلف. _926705 |
|
| 245 | 1 | 2 |
_aالحياة والموت في الشعر الأموي / _cتأليف الدكتور محمد بن حسن الزير، أستاذ الأدب العربي المساعد بجامعة الإمام محمد بن سعود الإسلامية. |
| 250 | _aالطبعة الأولى. | ||
| 264 | 1 |
_aالرياض : _bدار أمية للنشر والتوزيع، _c1989. |
|
| 300 |
_a646 صفحة ؛ _c24 سم |
||
| 336 |
_2rdacontent _aنص _btxt |
||
| 337 |
_2rdamedia _aبدون وسيط _bn |
||
| 338 |
_2rdacarrier _aمجلد _bnc |
||
| 500 | _aنالت هذه الرسالة درجة الدكتوراة في اللغة العربية وآدابها مع مرتبة الشرف الأولى من كلية الآداب بجامعة القاهرة عام 1402 هـ. | ||
| 504 | _aيشتمل على إرجاعات ببليوجرافية. | ||
| 590 | _abasant | ||
| 650 | 7 |
_aالشعر العربي _xتاريخ _yالعصر الأموي. _926707 _2BUEsh |
|
| 653 |
_cAugust2011 _bARALIT |
||
| 655 | _vReading book | ||
| 942 |
_2ddc _cBB |
||